Capitals and Countries of Africa - HARD - Statistics

General Stats
  • This quiz has been taken 1,567 times
    1,345 since last reset
  • The average score is 41 of 54
Answer Stats
Capital, Country % Correct
Cairo, Egypt
96%
Algiers, Algeria
92%
Pretoria, South Africa
91%
Tunis, Tunisia
91%
Rabat, Morocco
90%
Djibouti, Djibouti
87%
Tripoli, Libya
87%
Khartoum, Sudan
86%
Nairobi, Kenya
85%
Luanda, Angola
83%
Abuja, Nigeria
82%
Accra, Ghana
82%
Mogadishu, Somalia
82%
Bissau, Guinea-Bissau
81%
Dakar, Senegal
81%
Harare, Zimbabwe
81%
Juba, South Sudan
81%
Addis Ababa, Ethiopia
80%
Windhoek, Namibia
80%
Victoria, Seychelles
79%
Antananarivo, Madagascar
78%
Lomé, Togo
77%
Freetown, Sierra Leone
76%
Kampala, Uganda
76%
Kinshasa, Democratic Republic of the Congo
76%
Lusaka, Zambia
76%
N'Djamena, Chad
76%
Niamey, Niger
76%
Kigali, Rwanda
75%
Monrovia, Liberia
75%
Asmara, Eritrea
73%
Dodoma, Tanzania
73%
Port Louis, Mauritius
73%
Praia, Cabo Verde
73%
Porto-Novo, Benin
72%
Bamako, Mali
70%
Maputo, Mozambique
70%
Moroni, Comoros
70%
Conakry, Guinea
69%
Ouagadougou, Burkina Faso
68%
Yaoundé, Cameroon
68%
Gaborone, Botswana
67%
Mbabane, Eswatini
67%
São Tomé, São Tomé and Príncipe
67%
Bangui, Central African Republic
66%
Libreville, Gabon
66%
Lilongwe, Malawi
66%
Banjul, The Gambia
65%
Gitega, Burundi
64%
Maseru, Lesotho
64%
Nouakchott, Mauritania
64%
Yamoussoukro, Cote d'Ivoire
63%
Malabo, Equatorial Guinea
59%
Brazzaville, Republic of the Congo
58%
No matching quizzes found
Score Distribution
Percent of People with Each Score
Percentile by Number Answered
Your Score History
You have not taken this quiz since the last reset